LEADER 02319nam a2200385 u 4500 001 000000016072 003 CaOOAMICUS 005 20070226105943.0 008 940517s1993 it u000 u ita u 020 $a88-343-0541-8 035 $a10376719 040 $aPUL(R)$bita 041 0 $aita$agrc 100 0 $aAristoteles,$d384-322 a.C.$0(OLS)http://pul/name/792 240 10$aMetaphysica$9(Aristoteles, 384-322 a.C.).$lItaliano e greco.$0(OLS)http://pul/title/22961 245 10$aMetafisica /$cAristotele ; saggio introduttivo, testo greco con traduzione a fronte e commentario a cura di Giovanni Reale. 250 $aEdizione maggiore rinnovata. 260 $aMilano :$bVita e pensiero,$c1993. 300 $a3 v. ;$c23 cm 490 1 $aPubblicazioni del Centro di ricerche di metafisica.$aCollana Temi metafisici e problemi del pensiero antico ;$v23-25 505 0 $aI. Saggio introduttivo e indici -- II. Testo greco con traduzione e a fronte -- III. Sommari e commentario. 600 04$aAristoteles,$d384-322 a.C.$tMetaphysica$9(Aristoteles, 384-322 a.C.)$xCommenti.$0(OLS)http://pul/subject/399 700 1 $aReale, Giovanni,$d1931-2014.$0(OLS)http://pul/name/667 710 2 $aUniversitŕ cattolica del Sacro Cuore. Sede di Milano.$bCentro di ricerche di metafisica.$0(OLS)http://pul/name/668 830 0$aPubblicazioni del Centro di ricerche di metafisica.$pCollana Temi metafisici e problemi del pensiero antico ;$v23-25.$0(OLS)http://pul/title/828 850 $aPUL 852 $aPUL$W1$xSL Filosofia 2$y80$mPhil A10b 23.1-3$j22649$nBK-PRI$b $qStampati altre collocazioni$B22649$CPULBib$Z2$F22649 $H $81 852 $aPUL$W1$xSL Filosofia 2$y80$mPhil A10b 23.1-3$j22649$nBK-PRI$b $qStampati altre collocazioni$B22650$CPULBib$Z2$F22650 $H $81 852 $aPUL$W1$xSL Filosofia 2$y80$mPhil A10b 23.1-3$j22649$nBK-PRI$b $qStampati altre collocazioni$B22651$CPULBib$Z2$F22651 $H $81 900 $aAristotle,$d 384-322 a.C.$9792 900 $aAristotele,$d384-322 a.C.$9792 941 1 $a10 996 $6020$a88-343-0541-8$9(OLS)http://pul/number/20560 996 $6245$aMetafisica$9(OLS)http://pul/title/8050 996 $6260$aMilano :$bVita e pensiero$9(OLS)http://pul/publisher/48016 LEADER 00927nam a2200241 u 4500 001 000000083583 003 CaOOAMICUS 005 20070226124003.0 008 050519s1947 fr u000 u fre u 035 $a11045986 040 $aPUL(R)$bita 100 1 $aAuvray, Paul,$cC.Or.,$d1904-$0(OLS)http://pul/name/381 245 10$aEzéchiel /$cPaul Auvray. 260 $aParis :$bLes Éditions du Cerf,$c1947. 300 $a172 p. ;$c19 cm 490 1 $aTémoins de Dieu ;$v10 630 04$aBiblia.$pV.T.$pEzechiel.$0(OLS)http://pul/subject/14845 830 0$aTémoins de Dieu ;$v10.$0(OLS)http://pul/title/16358 850 $aPUL 852 $aPUL$W1$xDP1 Fondo Cecchetti$y53$m265 I 13$j106372$nBK-PRI$b $qFondi$B106372$CPULBib$Z2$F106372 $HPUL1342 $81 941 1 $a1 996 $6245$aEzéchiel$9(OLS)http://pul/title/108928 996 $6260$aParis :$bLes Éditions du Cerf$9(OLS)http://pul/publisher/47861